01880nam a22002297a 4500003001700000005001700017008004100034020001800075040000700093041001200100082001900112100002500131245005400156260002900210300002800239365006200267520109200329650004301421942001201464999001901476952015501495St Aloysius Coll20250818172111.0250814b |||||||| |||| 00| 0 eng d a9789360539917 cAL aEnglish a658.4033bGHOA aMunmun Ghosh9235778 aAdvanced business analyticsb: using Jamovi and R aNew DelhibCengagec2025 axv, 247p.bPBc24x18cm. 2Generala2646b₹396.00c₹d₹495.00e20%f08/08/2025 aAre you ready to dive deeper into the world of numbers and unlock the secrets they hold? Whether you are a student, researcher, or data analyst, this book is your ultimate guide to mastering advanced statistical and analytical concepts in a simple, jargon-free way. Building on the solid foundation of Business Statistics: Using Excel, SPSS, and R, this book takes you one step higher, offering easy-to-follow, step-by-step instructions for all the complex analyses like Structural Equation Modelling (SEM), Mediation and Moderation analysis, PLS-SEM, and many more. No more relying on others for validation; this book empowers you to handle advanced statistics confidently! With a focus on the open-access software JAMOVI and R, you will learn how to use these powerful tools to perform sophisticated analyses without traditional statistical software's steep learning curve. Whether you are a beginner or an experienced user, this book will guide you through practical business cases, helping you translate data into actionable insights. Ready to conquer the numbers? Get your copy now! 2ManagementaBusiness Analytics9235779 2ddccBK c240350d240350 00102ddc40708MCOMFAaSACPGbSACPGd2025-08-14eBiblios Book Pointg396.00l0o658.4033 GHOApPG025076r2025-08-14 19:30:42v495.00w0000-00-00yBK